| 000 | 01639nam a2200313 i 4500 | ||
|---|---|---|---|
| 003 | EG-GICUC | ||
| 005 | 20260121101216.0 | ||
| 008 | 251112s1991 ua ||||fr|||| 00| 0 ara d | ||
| 017 | _a٩٥٤٧/ ١٩٩٠ | ||
| 040 |
_a EG-GICUC _bara _c EG-GICUC _d EG-GICUC _erda |
||
| 041 | 0 | _aara | |
| 082 | 0 | 4 |
_221 _a345 _bع ب . ق |
| 092 | 0 | 4 | _221 |
| 099 | _aLaw1 07 345 ع ب . ق 1991 | ||
| 100 | 0 |
_aعبد الغني بسيوني عبد الله _eمؤلف. |
|
| 245 | 1 | 2 |
_aالقانون الإداري : _bدراسة مقارنة لأسس ومبادئ القانون الإداري وتطبيقها في مصر / _cدكتور عبد الغني بسيوني عبد الله. |
| 264 | 1 |
_aالإسكندرية : _bمنشأة المعارف، _c1992. |
|
| 300 |
_a686 ؛صفحة _c24 سم. |
||
| 336 |
_2rda content _atext |
||
| 337 |
_2rda media _aComputer |
||
| 338 |
_2rda carrier _aOnline Resource |
||
| 504 | _aيشتمل على إرجاعات ببليوغرافة. | ||
| 505 | _aالتعريف بالقانون الادارى ـ المركزية الادارية - اللامركزية الادارية ـ التركيز وعدم التركيز الاداری - عمال السلطة الادارية ـ الضبط الاداري - المرافق العامة - القرارات الادارية - العقود الادارية - أموال السلطة الادارية - امتيازات السلطة الادارية. | ||
| 546 | _aالنص باللغة العربية | ||
| 650 | 1 | 4 | _aالقانون الإداري |
| 856 | 4 | 0 | _uhttps://fll.law.cu.edu.eg/fulltext/bks/B07-00606.pdf |
| 905 | _a32 | ||
| 942 |
_2ddc _cBK _e21 _n0 |
||
| 999 |
_c42976 _d42976 |
||